000 01284nam0a2200349 4500
001 RU\NLR\bibl\1291769
005 20250615144442.0
010 _a978-5-17-053691-7
_bАСТ
010 _a978-5-9713-8777-0
_bАСТ МОСКВА
_918000
021 _aRU
_b2008-74499
_94285
035 _a(nilc)IZD\AST\2007\845038
035 _a(NLR Aleph) 001277443
090 _a477613
_c477613
100 _a20080828d2008 |||y0rusy50 ca
101 1 _arus
_ceng
102 _aRU
105 _ay |||||||||
200 1 _aВыгодный жених
_eроман
_fПатриция Грассо
_g[пер. с англ. С.Б. Кирилловой]
210 _aМосква
_cАСТ
_cАСТ МОСКВА
_d2008
215 _a316, [1] с.
_d17
225 1 _aмини-Шарм
686 _a0661
_aЗарубежная сентиментальная литература
_2TCC-BG
686 _a0662
_aИсторический любовный роман
_2TCC-BG
686 _aШ6(7США)67-440.4{Лх1979-50}
700 1 _aГрассо
_bП.
_gПатриция
_4070
801 0 _aRU
_bЛИБНЕТ
_c20080828
801 1 _aRU
_bЦУНБ Москва
_c20080922
_2rusmarc
801 2 _aRU
_bNLR
_c20081106
_grcr
830 _aCODE_OF_LIBNET\000011810
942 _cBOOK
980 _aNB